Countries with a Bundesliga MVP Award - Statistics

General Stats
  • This quiz has been taken 33 times
    32 since last reset
  • The average score is 19 of 27
Answer Stats
MVP Awards Country % Correct
8 France
100%
62 Germany
100%
2 Belgium
93%
7 England
93%
5 Austria
89%
2 Italy
89%
3 Netherlands
89%
2 Poland
89%
1 Spain
89%
1 Switzerland
89%
1 Brazil
85%
5 Czechia
81%
7 Denmark
81%
1 Norway
78%
2 Croatia
74%
8 Egypt
63%
1 Japan
63%
4 Bosnia and Herzegovina
59%
4 Hungary
59%
1 Slovenia
56%
1 Nigeria
52%
3 South Korea
52%
4 Algeria
48%
1 Tunisia
41%
1 Australia
33%
1 Guinea
30%
3 Mali
15%
No matching quizzes found
Score Distribution
Percent of People with Each Score
Percentile by Number Answered
Your Score History
You have not taken this quiz since the last reset